| 000 | 00582 a2200181 4500 | ||
|---|---|---|---|
| 001 | ART_9849 | ||
| 005 | 20260410161839.0 | ||
| 008 | 260409a | ||
| 245 | 1 | 0 | _aIdeas para la unificación de las normas contables y de auditoría |
| 100 | 1 | _aElizalde, Mario D. | |
| 700 | 1 | _aBlanco, Miguel C. | |
| 700 | 1 | _aGarcía, Sergio O. | |
| 700 | 1 | _aMaquieira, Alberto G. | |
| 700 | 1 | _aPiccina, José | |
| 700 | 1 | _aSeijas, Pedro José | |
| 700 | 1 | _aValle, Juan José Fermín del | |
| 773 | 0 |
_tContabilidad y administración _g- Año 7, Nº 74 (ago. 1983) _wREV5485 |
|
| 999 |
_c23914 _d23914 |
||